| 000 | 02252cam a2200649 4500 | ||
|---|---|---|---|
| 002 | 5082 | ||
| 008 | 000000n2003 000 0 eng u | ||
| 020 | _a0854069798 | ||
| 035 | _a(Sirsi) u122160 | ||
| 041 | _aENG | ||
| 050 |
_a690.2 _c18 |
||
| 100 | _aHollis, Malcolm | ||
| 245 | _aSurveying buildings | ||
| 250 | _a4th rev. ed. | ||
| 260 |
_aLondon _bRICS _c2003 |
||
| 300 |
_ax, 525p. _bill. _c30cm. |
||
| 350 | _a50 | ||
| 505 | _aWhat is a survey? | ||
| 505 | _aThe inspection | ||
| 505 | _aChecklist in preparing for a survey | ||
| 505 | _aReporting | ||
| 505 | _aSurveys of specialist buildings | ||
| 505 | _aSurveying equipment | ||
| 505 | _aThe contract | ||
| 505 | _aThe duties of surveyors, their performance and their breach | ||
| 505 | _aThe consequnces of breach of duty | ||
| 505 | _aHealth in buildings | ||
| 505 | _aAsbestos | ||
| 505 | _aRoofs | ||
| 505 | _aWalls | ||
| 505 | _aPlastics | ||
| 505 | _aMetals | ||
| 505 | _aWindows | ||
| 505 | _aFloors | ||
| 505 | _aSurveying services | ||
| 505 | _aFinishes | ||
| 505 | _aSurroundings | ||
| 505 | _aDampness | ||
| 505 | _aTimber decay caused by insect attack | ||
| 505 | _aRot and fungus damage to timber | ||
| 505 | _aCrack interpretation | ||
| 505 | _aTrees and their effect on buildings | ||
| 520 | _aThis classic surveying text provides practical advice to the practitioner and student on what to look for when carrying out building surveys, how to interpret what they see and how to present those findings in a useful and accurate manner in the report. The fourth edition has been revised to reflect changes in legislation and practice since it was first published in 2000. | ||
| 520 | _aSuperseded by fifth edition (ISBN 1842191926). Supersedes fourth edition (ISBN 0854069798). | ||
| 650 | _aBUILDING SURVEYS | ||
| 650 | _aSTRUCTURAL SURVEYS | ||
| 650 | _aINSPECTIONS | ||
| 650 | _aSURVEYING EQUIPMENT | ||
| 650 | _aBUILDING DEFECTS | ||
| 650 | _aSURVEYORS' NEGLIGENCE | ||
| 650 |
_aSurvey reports _96270 |
||
| 650 | _aSURVEYORS' LIABILITIES | ||
| 690 | _aBUILT ENVIRONMENT-BUILDING INSPECTION | ||
| 700 | _aGibson, Charles | ||
| 710 |
_aRoyal Institution of Chartered Surveyors _94900 |
||
| 942 | _n0 | ||
| 999 |
_c102785 _d102785 |
||